| 000 | 00510nam a2200181 a 4500 | ||
|---|---|---|---|
| 005 | 20140310183339.0 | ||
| 008 | 061115s19uu xx 00 eng d | ||
| 020 | _a0747572003 | ||
| 050 |
_aHF 1001 _b.C486 2004 |
||
| 100 | _aThe Chartered Management Institute | ||
| 245 | _aDictionary of business and management / | ||
| 260 |
_aU.S.A : _bBloomsbury, _c2004. |
||
| 300 |
_a458 p. : _c24 cm. |
||
| 650 |
_aBusiness _xDictionaries. |
||
| 650 |
_aFinance _xDictionaries. |
||
| 942 |
_cBK _2lcc |
||
| 999 |
_c21771 _d21771 |
||